000 00763nam a2200277Ia 4500
005 20260320195804.0
008 008 262003s9999 xx 000 0 hin d
020 _a9789388753937
037 _aEBOOK
040 _aCRL
040 _bhin
040 _cCRL
041 _2hin
041 _ahin
084 _qCRL
100 _aअविनाश मिश्रा
_91132861
245 0 _aचौंसठ सूत्र सोलह अभिमान : कामसूत्र से प्रेरित
250 _a1st
260 _bRajkamal
260 _c2019
300 _a104
856 _uhttps://ebook.indiaread.in/pdfs/639_chaunsath_sutra_lohabh_abhiyan_pb.pdf
942 _cEBOOK
999 _c1716505
_d1716505